1990s or 2000s? II Quiz Stats

 Plays Quiz Updated Jun 3, 2018

Score 0/30 Timer 05:00
0 Plays Today
Event 19(9)0s or 20(0)0s % Correct
Category 5 Hurricane Katrina hit the US???
95.4%
'Forrest Gump' movie released???
89.4%
Pluto demoted to 'dwarf planet' status???
86.6%
Bill Clinton became President of the US???
86.2%
Riots in Los Angeles after the Rodney King trial???
85.6%
Iraq invaded Kuwait???
84.9%
Apple released the iPhone???
84.5%
First episode of South Park broadcast???
84.1%
Angela Merkel became Chancellor of Germany???
77.9%
Dissolution of Czechoslovakia???
76%
Sydney hosted the Olympic Games???
75.5%
Search engine Google founded???
73.9%
North Korea conducted its first nuclear test???
72%
Yitzhak Rabin assassinated???
70.8%
Channel Tunnel opened???
70.6%
Event 19(9)0s or 20(0)0s % Correct
CERN's Large Hadron Collider completed???
70.5%
Siege of Sarajevo officially ended???
69.5%
Last episode of 'Seinfeld' broadcast???
68.9%
Video game 'Half-Life 2' released???
68.1%
First Harry Potter movie released???
67.7%
Pope John Paul II died???
67.6%
Mother Teresa of Calcutta died???
62.6%
Wikipedia launched???
62.2%
Michael Jordan's last game for Chicago Bulls???
61%
Millennium Bridge in London opened???
59.4%
Pokémon Red and Blue released???
55%
Star Wars' 'Phantom Menace' movie released???
53.1%
China launched its first manned space mission???
48.3%
Space Shuttle Columbia disaster???
34.9%
Kosovo declared independence from Serbia???
34.5%

You're not logged in!

Compare scores with friends on all Sporcle quizzes.
OR
Log In

Sporcle TV

Today on Sporcle TV


Watch our educational content, quiz creation guides, and fun videos on Sporcle TV.

Show Comments

Extras

Top Quizzes Today


Score Distribution

Your Account Isn't Verified!

In order to create a playlist on Sporcle, you need to verify the email address you used during registration. Go to your Sporcle Settings to finish the process.

Report this User

Report this user for behavior that violates our Community Guidelines.

Details: